|
|
|
|
| LEADER |
01972nam a22003257a 4500 |
| 001 |
34283 |
| 003 |
BD-DhAAL |
| 005 |
20190205152544.0 |
| 008 |
190205r20182016ii a|||| b||| 001 0 eng d |
| 999 |
|
|
|c 40331
|d 40331
|
| 020 |
|
|
|a 9788120417939
|
| 040 |
|
|
|a BD-DhAAL
|
| 082 |
|
|
|a 571.5382
|2 21
|
| 100 |
|
|
|a Razdan, M. K.
|9 29873
|
| 245 |
|
|
|a Introduction to plant tissue culture /
|c M.K. Razdan.
|
| 250 |
|
|
|a Third edition
|
| 260 |
|
|
|a India :
|b Oxford & IBH Publishing Co. Pvt. Led.
|c 2018 [reprint]
|
| 300 |
|
|
|a xvii, 400 pages :
|b illustrations (some color) ;
|c 24 cm.
|
| 504 |
|
|
|a Includes bibliographical references (pages [335]-372).
|
| 526 |
|
|
|a MNS
|
| 541 |
|
|
|a Hye Trade International
|e 34283, 34284, 34285, 34286, 34287
|
| 650 |
|
|
|a Plant tissue culture.
|9 29874
|
| 650 |
|
|
|a Botanical Sciences
|v Textbook
|9 29875
|
| 852 |
|
|
|a Ayesha Abed Library
|c General Stacks
|
| 942 |
|
|
|2 ddc
|c BK
|
| 952 |
|
|
|0 0
|1 0
|2 ddc
|4 0
|6 571_538200000000000_RAZ
|7 0
|9 65002
|a BRACUL
|b BRACUL
|c GEN
|d 2019-01-30
|e Hye Trade International
|g 733.00
|l 7
|m 53
|o 571.5382 RAZ
|p 3010034286
|r 2025-04-08
|s 2025-03-11
|t 4
|v 733.00
|w 2019-01-30
|y BK
|
| 952 |
|
|
|0 0
|1 0
|2 ddc
|4 0
|6 571_538200000000000_RAZ
|7 0
|9 65003
|a BRACUL
|b BRACUL
|c GEN
|d 2019-01-30
|e Hye Trade International
|g 733.00
|l 6
|m 29
|o 571.5382 RAZ
|p 3010034283
|q 2026-06-02
|r 2026-02-23
|s 2026-02-23
|t 1
|v 733.00
|w 2019-01-30
|y BK
|
| 952 |
|
|
|0 0
|1 0
|2 ddc
|4 0
|6 571_538200000000000_RAZ
|7 0
|9 65004
|a BRACUL
|b BRACUL
|c GEN
|d 2019-01-30
|e Hye Trade International
|g 733.00
|l 4
|m 5
|o 571.5382 RAZ
|p 3010034287
|r 2025-05-22
|s 2025-05-05
|t 5
|v 733.00
|w 2019-01-30
|y BK
|
| 952 |
|
|
|0 0
|1 0
|2 ddc
|4 0
|6 571_538200000000000_RAZ
|7 0
|9 65005
|a BRACUL
|b BRACUL
|c GEN
|d 2019-01-30
|e Hye Trade International
|g 733.00
|l 5
|m 17
|o 571.5382 RAZ
|p 3010034284
|r 2025-11-04
|s 2025-09-22
|t 2
|v 733.00
|w 2019-01-30
|y BK
|
| 952 |
|
|
|0 0
|1 0
|2 ddc
|4 0
|6 571_538200000000000_RAZ
|7 0
|9 65006
|a BRACUL
|b BRACUL
|c GEN
|d 2019-01-30
|e Hye Trade International
|g 733.00
|l 4
|m 19
|o 571.5382 RAZ
|p 3010034285
|r 2025-09-21
|s 2025-07-09
|t 3
|v 733.00
|w 2019-01-30
|y BK
|